Sacrae Congregationis de Propaganda Fide memoria rerum : (Record n. 26002)

Dettagli MARC
000 -LEADER
fixed length control field 01260nam a2200265 i 4500
003 - CONTROL NUMBER IDENTIFIER
control field IT-RoINE
005 - DATE AND TIME OF LATEST TRANSACTION
control field 20200714103416.0
008 - FIXED-LENGTH DATA ELEMENTS--GENERAL INFORMATION
fixed length control field 110718m19711976gw |r |||1|||muld
040 ## - CATALOGING SOURCE
Original cataloging agency CUL
Modifying agency CUL
-- UPSA
-- IT-RoINE
Transcribing agency esslup IT-RoINE
041 0# - LANGUAGE CODE
Language code of text/sound track or separate title eng
-- fre
-- ger
-- ita
-- por
-- spa
110 2# - MAIN ENTRY--CORPORATE NAME
Corporate name or jurisdiction name as entry element Iglesia Católica.
Subordinate unit Congregatio pro Doctrina Fidei
9 (RLIN) 5447
245 10 - TITLE STATEMENT
Title Sacrae Congregationis de Propaganda Fide memoria rerum :
Remainder of title 350 anni a servizio delle missioni = 350 Jahre im dienste der Weltmission = 350 years in the service of the missions = 350 años al servicio de las misiones = 350 ans au service des missions : 1622-1972 /
Statement of responsibility, etc cura et studio J. Metzler edita.
260 ## - PUBLICATION, DISTRIBUTION, ETC. (IMPRINT)
Place of publication, distribution, etc Rom ;
-- Freiburg ;
-- Wien :
Name of publisher, distributor, etc Herder,
Date of publication, distribution, etc 1971-1976.
300 ## - PHYSICAL DESCRIPTION
Extent 3 t. en 5 v. ;
Dimensions 24 cm.
336 ## - CONTENT TYPE
Source rdacontent
Content type term text
337 ## - MEDIA TYPE
Source rdamedia
Media type term unmediated
338 ## - CARRIER TYPE
Source rdacarrier
Carrier type term volume
500 ## - GENERAL NOTE
General note Incluye índices y apéndices.
504 ## - BIBLIOGRAPHY, ETC. NOTE
Bibliography, etc Bibliografía general: p. XVII-XXII (v. 1.).
505 0# - FORMATTED CONTENTS NOTE
Formatted contents note V. 1.1./1.2. 1622-1700 -- V. 2. 1700-1815 -- V 3.1./3.2. 1815-1972.
546 ## - LANGUAGE NOTE
Language note Textos en alemán, español, francés, inglés, italiano y portugués.
650 #4 - SUBJECT ADDED ENTRY--TOPICAL TERM
9 (RLIN) 24910
Topical term or geographic name as entry element Misiones
General subdivision Historia
700 1# - ADDED ENTRY--PERSONAL NAME
Personal name Metzler, Josef,
9 (RLIN) 36475
Titles and other words associated with a name O.M.I.,
Dates associated with a name 1921-2012
942 ## - ADDED ENTRY ELEMENTS (KOHA)
Item type Monografías
Dati di copia
Withdrawn status Lost status Damaged status Not for loan Home library Current library Date acquired Total Checkouts Full call number Barcode Date last seen Price effective from Koha item type Public note
        Iglesia Nacional Española en Roma Iglesia Nacional Española en Roma 11/07/2018   HIS.ECL 202.1.1 51597 11/07/2018 11/07/2018 Monografías V. 1.1: 1622-1700
        Iglesia Nacional Española en Roma Iglesia Nacional Española en Roma 11/07/2018   HIS.ECL 202.1.2 51598 11/07/2018 11/07/2018 Monografías V. 1.2: 1622-1700
        Iglesia Nacional Española en Roma Iglesia Nacional Española en Roma 11/07/2018   HIS.ECL 202.2 51599 11/07/2018 11/07/2018 Monografías V. 2: 1700-1815
        Iglesia Nacional Española en Roma Iglesia Nacional Española en Roma 11/07/2018   HIS.ECL 202.3.1 51600 11/07/2018 11/07/2018 Monografías V. 3.1: 1815-1972
        Iglesia Nacional Española en Roma Iglesia Nacional Española en Roma 11/07/2018   HIS.ECL 202.3.2 51601 11/07/2018 11/07/2018 Monografías V. 3.2: 1815-1972